00353nam a2200133Ia 4500008004100000041000800041082001400049100001700063245004500080250001400125260003800139300003100177365001100208240624s9999 xx 000 0 und d aeng a658.7 COY aCOYLE JOHN J aMANAGING SUPPLY CHAIN A LOGISTICS APPROA a(9th ed.) c2015aNew DelhibCengage Learning axxv, : 693 : p. : cm. ; 26 cRSb31